5HLuxD.jpg

KING HENRY VIII SENIOR AND PRIMARY SCHOOL LIBRARY OPAC

Dol Said Pahlawan Naning / (Record no. 3273)

000 -LEADER
fixed length control field 00610nam a22002057a 4500
003 - CONTROL NUMBER IDENTIFIER
control field OSt
005 - DATE AND TIME OF LATEST TRANSACTION
control field 20231110090338.0
008 - FIXED-LENGTH DATA ELEMENTS--GENERAL INFORMATION
fixed length control field 231110b ||||| |||| 00| 0 eng d
020 ## - INTERNATIONAL STANDARD BOOK NUMBER
International Standard Book Number 9789673820726
040 ## - CATALOGING SOURCE
Transcribing agency KH8
082 ## - DEWEY DECIMAL CLASSIFICATION NUMBER
Classification number 400 AHM
100 ## - MAIN ENTRY--PERSONAL NAME
Personal name Ahmad Zaid,
Relator term author.
245 ## - TITLE STATEMENT
Title Dol Said Pahlawan Naning /
Statement of responsibility, etc. Ahmad Zaid.
260 ## - PUBLICATION, DISTRIBUTION, ETC.
Place of publication, distribution, etc. Kuala Lumpur ;
Name of publisher, distributor, etc. Brainmax Enterprise,
Date of publication, distribution, etc. 2014.
300 ## - PHYSICAL DESCRIPTION
Extent 32 pages :
Other physical details color illustrations ;
Dimensions 19 cm x 26 cm.
440 ## - SERIES STATEMENT/ADDED ENTRY--TITLE
Title Siri bacaan lagenda gemilang
650 ## - SUBJECT ADDED ENTRY--TOPICAL TERM
Topical term or geographic name entry element History story book
Form subdivision Malay language
830 ## - SERIES ADDED ENTRY--UNIFORM TITLE
Uniform title Siri bacaan lagenda cemerlang
942 ## - ADDED ENTRY ELEMENTS (KOHA)
Source of classification or shelving scheme
Koha item type Teaching Resources
Holdings
Withdrawn status Lost status Source of classification or shelving scheme Damaged status Not for loan Collection code Permanent Location Current Location Shelving location Date acquired Full call number Barcode Date last seen Price effective from Koha item type
          Teaching Resources KH8 Senior School Library KH8 Senior School Library Staff Office 2023-11-10 400 AHM TRKHSL005019 2023-11-10 2023-11-10 Teaching Resources

Powered By KH8 IT Dept